Top 50 Smallest Countries in the World - Statistics

General Stats
  • This quiz has been taken 4,429 times
    4,420 since last reset
  • The average score is 37 of 50
Answer Stats
Approx Population Country % Correct
920 Vatican City
98%
28,880 San Marino
91%
32,410 Monaco
90%
70,550 Andorra
88%
13,050 Nauru
87%
893,400 Fiji
86%
38,960 Saint Kitts & Nevis
86%
11,640 Tuvalu
86%
59,070 Marshall Islands
85%
398,500 Malta
84%
20,300 Palau
84%
166,300 Saint Lucia
84%
117,500 St. Vincent & the Grenadines
84%
112,400 Tonga
83%
279,300 Barbados
82%
468,600 Luxembourg
82%
177,300 Samoa
82%
81,190 Seychelles
82%
89,500 Grenada
80%
103,100 Kiribati
80%
349,100 Maldives
80%
187,400 Sao Tome & Principe
80%
68,720 Antigua & Barbuda
79%
671,200 Comoros
79%
69,030 Dominica
79%
33,720 Liechtenstein
79%
108,100 Micronesia
79%
538,000 Solomon Islands
79%
1,088,600 Trinidad & Tobago
79%
205,800 Vanuatu
78%
301,800 Bahamas
77%
372,400 Brunei
76%
688,300 Bahrain
75%
418,200 Cape Verde
75%
1,173,900 Mauritius
75%
780,100 Cyprus
73%
1,867,000 Lesotho
72%
279,500 Belize
69%
1,040,900 East Timor
69%
476,700 Djibouti
65%
296,700 Iceland
63%
1,593,300 Gambia
61%
765,300 Guyana
60%
438,100 Suriname
59%
535,900 Equatorial Guinea
55%
1,416,000 Guinea-Bissau
51%
1,173,900 Swaziland
51%
1,332,900 Estonia
50%
1,389,200 Gabon
34%
1,640,100 Botswana
16%
No matching quizzes found
Score Distribution
Percent of People with Each Score
Percentile by Number Answered
Your Score History
You have not taken this quiz since the last reset